| 000 | 01371cam a22003857i 4500 | ||
|---|---|---|---|
| 001 | data | ||
| 005 | 20260322212112.0 | ||
| 008 | data | ||
| 035 | _a21212125 | ||
| 906 |
_a7 _bcbc _ccopycat _d2 _encip _f20 _gy-gencatlg |
||
| 925 | 0 |
_aacquire _b1 shelf copy _xpolicy default |
|
| 010 | _a 2019950933 | ||
| 020 |
_a9781622738601 _qhardcover |
||
| 020 |
_a1622738608 _qhardcover |
||
| 035 | _a(OCoLC)1128442057 | ||
| 040 |
_aYDX _beng _cYDX _erda _dDLC _dOCLCF _dDLC |
||
| 042 | _alccopycat | ||
| 050 | 0 | 0 |
_aHD30.4 _b.C734 2020 |
| 082 | 0 | 4 |
_a658.0072 _223 |
| 245 | 0 | 4 |
_aThe crest of the innovation management research wave / _cedited by Marcus Tynnhammar ISPIM, United Kingdom. |
| 264 | 1 |
_aWilmington, Delaware : _bVernon Press, _c[2020] |
|
| 300 |
_a277 pages : _billustrations ; _c24 cm. |
||
| 336 |
_atext _btxt _2rdacontent |
||
| 337 |
_aunmediated _bn _2rdamedia |
||
| 338 |
_avolume _bnc _2rdacarrier |
||
| 490 | 0 | _aSeries in innovation studies | |
| 504 | _aIncludes bibliographical references and index. | ||
| 650 | 0 |
_aManagement _xResearch. |
|
| 650 | 0 | _aManagement. | |
| 650 | 7 |
_aManagement. _2fast _0(OCoLC)fst01007141 |
|
| 650 | 7 |
_aManagement _xResearch. _2fast _0(OCoLC)fst01007221 |
|
| 700 | 1 |
_aTynnhammar, Marcus, _eeditor. |
|
| 999 |
_c1671 _d1671 |
||